İslam'da bilimin yükselişi ve çöküşü, 827-1107 : (Record no. 14603)

MARC details
000 -BAŞLIK
Sabit Uzunlukta Kontrol Alanı 01099nam a22002657a 4500
999 ## - SİSTEM KONTROL NUMARALARI (KOHA)
Koha Biblionumber 14603
Koha Biblioitemnumber 14603
003 - KONTROL NUMARASI IDENTIFIER
Denetim Alanı MIRAKIL
005 - SON İŞLEM TARİHİ VE ZAMANI
Denetim Alanı 20211108150439.0
008 - SABİT-BOY VERİ ELEMANLARI - GENEL BİLGİLER
Sabit Uzunlukta Kontrol Alanı 211108b tu ||||| |||| 00| 0 tur d
020 ## - ULUSLARARASI STANDART KİTAP NUMARASI
Uluslararası Standart Kitap Numarası 9758410040
040 ## - KATALOGLAMA KAYNAK
Orijinal Kataloglama Ajansı TR-AnCHP
Metne Dönüştürmek Ajansı TR-AnCHP
041 ## - DİL KODU
Metin / Ses Parça Veya Ayrı Başlığın Dil Kodu Tur
082 ## - DEWEY ONLU SINIFLANDIRMA NUMARASI
Sınıflandırma Numarası 291.177
Ürün Numarası Ö92i 2007
100 ## - ANA GİRİŞ - KİŞİSEL İSİM
Kişisel Ad Özakıncı, Cengiz
245 10 - BAŞLIK TABLOSU
Başlık İslam'da bilimin yükselişi ve çöküşü, 827-1107 :
Başlığın Kalan çoktanrıcılıkta, Yahudilikte, Hıristiyanlıkta, gericilik ve Müslümanlıkta irticanın tarihsel kökenleri /
Sorumluluk Tablosu, Vb Cengiz Özakıncı.
246 ## - UNVAN FORM VARYING
Başlık Doğru / Kısa Başlığı çoktanrıcılıkta, Yahudilikte, Hıristiyanlıkta, gericilik ve Müslümanlıkta irticanın tarihsel kökenleri
250 ## - EDITION TABLOSU
Baskı Beyanı 11 bs.
260 ## - YAYIN, DAĞITIM, VB
Yayın, Dağıtım, Vb Yeri İstanbul:
Yayıncı, Dağıtıcı, Vs Adı Otopsi Yayınları,
Yayın, Dağıtım, Vb Tarihi 2007.
300 ## - FİZİKSEL TANIM
Kapsam 527 s.:
Diğer Fiziksel Ayrıntıları res.:
Boyutlar 23 sm.
490 0# - SERİSİ TABLOSU
Seri Beyanı Otopsi Yayınevi;
-- Bilimsel İnceleme;
Hacim / Ardışık Tanımı 3.
-- 3.
504 ## - KAYNAKÇA VB NOT
Kaynakça Vb Notu Kaynakça vardır.
650 #4 - KONU KATMA GİRİŞ - TOPİKAL DÖNEM
9 (RLIN) 1057
Topikal Süreli Veya Coğrafi Ad Giriş Elemanı İslam dini
Genel Alt Bölümü Bilim
650 #0 - KONU KATMA GİRİŞ - TOPİKAL DÖNEM
9 (RLIN) 6233
Topikal Süreli Veya Coğrafi Ad Giriş Elemanı Din
Genel Alt Bölümü Bilim
740 ## - KATMA GİRİŞ - KONTROLSUZ İLGİLİ / ANALİTİK BAŞLIK
Kontrol Edilmeyen / İlgili Analitik Başlıktaki çoktanrıcılıkta, Yahudilikte, Hıristiyanlıkta, gericilik ve Müslümanlıkta irticanın tarihsel kökenleri
942 ## - EKLENDİ GİRİŞ ELEMANLARI (KOHA)
Sınıflandırma Veya Raf Düzeni Kaynak Dewey Decimal Classification
Koha Öğesi Türü Books
Holdings
Kalıcı Konum Mevcut Konum Edinme Tarihi Toplam Check-Out'Lar Tam Çağrı Numarası Barkod Tarih Son Görülme Tarihi Geçen Teslim İtibaren Geçerli Fiyatlar Sigara Kamu Notu Koha Öğesi Türü
CHP Kütüphanesi CHP Kütüphanesi 11/08/2021 1 291.177 Ö92i 2007 020098 11/10/2022 08/25/2022 11/08/2021 Emin Değer Bağışıdır. Books